00421nam a2200145Ia 4500008004100000041000900041082001800050100002200068245002600090260003100116300000800147650000800155999001700163952009500180230718s9999 xx 000 0 und d aEng. a345549bQUR-C aQureshi, M. Akram 0aCode of Criminal 1898 aPakistanbPunjab Lawc2016 a627 aLaw c30842d30842 00104070aSIRC-LbSIRC-Ld2023-07-18l0o345549 QUR-Cp25793r2023-07-18w2023-07-18yBK